000 00489nam a2200181Ia 4500
008 230524s9999 xx 000 0 und d
020 _a9789381332497
082 _a621.38
_bJEN
100 _aDebashisha Jena
_942737
245 0 _aPower System Analysis Operation and Control
250 _a2
260 _aNew Delhi
_bI.K.International
_c2013
300 _a"XI,332p;"
500 _aQuantity Number: 1
650 _aElectrical
700 _aB.Rajanarayan Prousty
_942738
942 _cBK
999 _c57720
_d57720